Policz do 65 w 15 sekund - Statystyki

Ogólne statystyki
  • Ten quiz został rozwiązany 141 razy
  • Średni wynik to 27 z 65
Statystyki odpowiedzi
# % Poprawnych
1
100%
2
100%
3
100%
4
100%
5
98%
6
96%
7
94%
8
94%
9
94%
10
90%
11
88%
12
84%
13
84%
14
82%
15
82%
16
82%
17
80%
18
80%
19
80%
20
76%
21
70%
22
66%
23
58%
24
52%
25
48%
26
48%
27
42%
28
40%
29
36%
30
36%
31
34%
32
34%
33
32%
34
28%
35
24%
36
20%
37
18%
38
14%
39
14%
40
12%
41
10%
42
10%
43
10%
44
10%
45
8%
46
8%
47
8%
48
8%
49
8%
50
8%
51
6%
52
6%
53
6%
54
6%
55
6%
56
6%
57
6%
58
6%
59
6%
60
6%
61
6%
62
6%
63
6%
64
6%
65
6%
Nie znaleziono quizów pasujących do podanych kryteriów
Rozkład punktacji
Procent ludzi z każdym wynikiem
Percentyl według liczby udzielonych odpowiedzi
Twoja historia wyników
Nie rozwiązałeś tego quizu